000
00294nam a22001217a 4500
008
181030b xxu||||| |||| 00| 0 eng d
041
_a
eng
080
_a
610.73
100
_a
2
101
_a
INF
245
_a
Encyclopedia and Dictionary of Medicine and Nursing
_c
Miller,B.F
942
_2
udc
_c
BK
999
_c
51098
_d
51098